Interaction of the blood with natural and artificial surfaces /

Bibliographic Details
Other Authors: Salzman, Edwin W.
Format: Book
Language:English
Published: New York : M. Dekker, [1981]
Subjects:

MARC

Tag First Indicator Second Indicator Subfields
LEADER 00000pam a2200000 a 4500
001 in00000090981
005 20151008063841.0
008 810930s1981 nyua b 10100 eng
010 |a  81015277  
020 |a 0824715829 
035 |a (OCoLC)07877098 
035 |9 AAK3048AM 
039 0 |a 2  |b 3  |c 3  |d 3  |e 3 
040 |a DLC  |c DLC  |d TXA  |d UtOrBLW 
049 |a TXAM  |c [933080] 
050 0 0 |a QP93.5  |b .I5 
060 0 |a WH 310 I53 1980 
082 0 |a 612/.115  |2 19 
245 0 0 |a Interaction of the blood with natural and artificial surfaces /  |c edited by Edwin W. Salzman. 
264 1 |a New York :  |b M. Dekker,  |c [1981] 
264 4 |c ©1981 
300 |a viii, 231 pages :  |b illustrations ;  |c 24 cm. 
336 |a text  |b txt  |2 rdacontent 
337 |a unmediated  |b n  |2 rdamedia 
338 |a volume  |b nc  |2 rdacarrier 
504 |a Includes bibliographical references and index. 
650 0 |a Blood  |x Coagulation. 
650 0 |a Surface chemistry. 
650 2 |a Surface Properties  |x Congresses. 
650 2 |a Blood Physiological Phenomena  |x Congresses. 
650 2 |a Blood Coagulation  |x Congresses. 
650 2 |a Artificial Organs  |x Congresses. 
650 2 |a Biocompatible Materials  |x Congresses. 
700 1 |a Salzman, Edwin W. 
999 |a MARS 
999 f f |s 402fafbf-abf1-3329-bdbf-b76565296f9b  |i a295bd21-5df3-358e-b2c2-df1a685e3901  |t 0 
952 f f |p normal  |a Texas A&M University  |b College Station  |c Sterling C. Evans Library  |d Evans: Library Stacks  |t 0  |e QP93.5 .I5  |h Library of Congress classification  |i unmediated -- volume  |m A14806223344 
998 f f |a QP93.5 .I5  |t 0  |l Evans: Library Stacks